Travis Scott Songs as Emojis - Statistics

General Stats
  • This quiz has been taken 8,206 times
  • The average score is 6 of 10
Answer Stats
Hint Answer % Correct
🍎🥧 Apple Pie
94%
☕️🫘 Coffee Bean
84%
⭐️🔭 Stargazing
83%
🧑‍🚀🌩 Astrothunder
77%
💉🧪 Antidote
58%
🙏❤️ Pray 4 Love
58%
🛻📞 Pick Up the Phone
52%
🚫🗣 Can't Say
49%
🪦🪛 R.I.P. Screw
42%
🏴🇨🇳 Black & Chinese
33%
No matching quizzes found
Score Distribution
Percent of People with Each Score
Percentile by Number Answered
Your Score History
You have not taken this quiz